Pokémon - Les attaques de Terracruel - Statistiques

Statistiques générales
  • Ce quiz a été pris 9 fois
  • Le résultat moyen est 9 sur 18
Statistiques - réponses
Niveaux Types Noms des attaques % Correct
Niveau 16 Plante Méga-Sangsue
100%
Niveau 48 Plante Giga-Sangsue
83%
Départ Normal Ligotage
67%
Niveau 54 Sol Telluriforce
67%
Niveau 24 Sol Tir de Boue
67%
Niveau 4 Plante Vol-Vie
67%
Niveau 34 Plante Canon Graine
50%
Niveau 15 Normal Charge
50%
Départ Sol Coud'Boue
50%
Niveau 58 Plante Mégafouet
50%
Niveau 8 Plante Para-Spore
50%
Niveau 8 Poison Poudre Toxik
50%
Niveau 40 Plante Spore
50%
Niveau 28 Spectre Châtiment
33%
Niveau 44 Normal Croissance
33%
Niveau 20 Normal Grincement
33%
Niveau 12 Normal Ultrason
33%
Départ Normal Copie-Type
0%
Aucun quiz correspondant
Distribution des résultats
% des personnes avec chaque résultat
Percentile par nombre de réponses
Votre historique - résultats
Vous n’avez pas pris ce quiz